000 00806nam a22002537a 4500
001 BR7375446
003 BR-BrBNA
005 20230928084422.0
007 ta
008 230509b bl.||||| |||| 00| 0 por d
040 _aBR-BrBNA
_bpor
_cBiblioteca Nacional de Agricultura
041 _a(Por)
072 _aM00
_b/G514
090 _ M00 BR7375446
110 1 _aSuperintendencia do Desenvolvimento da Pesca, Brasilia, DF (Brasil)
_910064
245 1 _aDiretrizes - objetivos basicos e estrategia para o desenvolvimento pesqueiro 1975/79 [Superintendencia do Desenvolvimento da Pesca; Brasil]
260 3 _aBrasilia, DF (Brasil):
_c1975.
300 _a27 p.
500 _a7 illus.
650 _aPESCA
650 _aDESENVOLVIMENTO PESQUEIRO
909 _a202309
_bLucia
_c55
_dLucia Elande
942 _cBK
999 _c18825
_d18825